| 000 | nam a22 7a 4500 | ||
|---|---|---|---|
| 999 |
_c30057 _d30056 |
||
| 003 | OSt | ||
| 005 | 20171103114150.0 | ||
| 008 | 171103b xxu||||| |||| 00| 0 eng d | ||
| 020 | _a9780073050232 | ||
| 040 |
_aMMU _beng _cMMU _dMMU |
||
| 050 | _aQD45 .C82 2006 | ||
| 100 | _aCooper, Melanie M | ||
| 245 |
_aCooperative Chemistry labaratory manual : _cMelanie M. Cooper |
||
| 250 | _a4th ed. | ||
| 260 |
_aNew York : _bMcGraw- Hill, _c2006 |
||
| 300 |
_a170 p.: _bill.; |
||
| 500 | _aIncludes index. | ||
| 650 | _aChemistry | ||
| 942 |
_2lcc _cLOAN LOAN _e4th ed. |
||